|
|
|
|
| LEADER |
00000nam0a2200000 4500 |
| 001 |
250531 |
| 005 |
20231101232554.0 |
| 010 |
|
|
|a 9785911348496
|
| 010 |
|
|
|a 978-5-16-009544-8
|
| 035 |
|
|
|a (RuTPU)RU\TPU\book\272740
|
| 090 |
|
|
|a 250531
|
| 100 |
|
|
|a 20140214d2014 m y0rusy50 ca
|
| 101 |
0 |
|
|a rus
|
| 102 |
|
|
|a RU
|
| 105 |
|
|
|a a j 001zy
|
| 200 |
1 |
|
|a Ноксология
|e практикум
|f С. С. Тимофеева
|
| 210 |
|
|
|a Москва
|c Форум
|c Инфра-М
|d 2014
|
| 215 |
|
|
|a 159 с.
|c ил.
|
| 225 |
1 |
|
|a Высшее образование. Бакалавриат
|
| 320 |
|
|
|a Библиогр.: с. 158.
|
| 330 |
|
|
|a В теоретической части Практикума описаны происхождение и совокупное действие опасностей, опасные зоны и показатели их влияния на материальный мир, а также оценка ущерба, наносимого опасностями человеку и природе. Представлены практические работы по классификации и методам идентификации и оценке опасностей. Практикум соответствует требованиям ФГОС-3 по направлению подготовки бакалавров 280700 «Техносферная безопасность». Предназначен для студентов технических вузов, обучающихся по направлению 280700 «Техносферная безопасность».
|
| 606 |
1 |
|
|a Безопасность жизнедеятельности
|2 stltpush
|3 (RuTPU)RU\TPU\subj\27856
|9 51540
|
| 610 |
1 |
|
|a ноксология
|
| 610 |
1 |
|
|a среда обитания
|
| 610 |
1 |
|
|a опасности
|
| 610 |
1 |
|
|a химические вещества
|
| 610 |
1 |
|
|a метеоусловия
|
| 610 |
1 |
|
|a неправильное питание
|
| 610 |
1 |
|
|a неблагоприятные условия
|
| 610 |
1 |
|
|a атмосферный воздух
|
| 610 |
1 |
|
|a загрязнение
|
| 610 |
1 |
|
|a опасные зоны
|
| 610 |
1 |
|
|a пожары
|
| 610 |
1 |
|
|a выбросы
|
| 610 |
1 |
|
|a загрязнения
|
| 610 |
1 |
|
|a экономический ущерб
|
| 610 |
1 |
|
|a практикумы
|
| 610 |
1 |
|
|a учебные пособия
|
| 675 |
|
|
|a 614.8(076.5)
|v 3
|
| 700 |
|
1 |
|a Тимофеева
|b С. С.
|g Светлана Семеновна
|
| 801 |
|
1 |
|a RU
|b 63413507
|c 20140214
|
| 801 |
|
2 |
|a RU
|b 63413507
|c 20150703
|g RCR
|
| 900 |
|
|
|a Безопасность жизнедеятельности
|
| 942 |
|
|
|c BK
|
| 951 |
|
|
|b 280700
|l 8.1
|
| 959 |
|
|
|a 25/20140213
|d 5
|e 279,90
|f ЧЗТЛ:1
|f АНЛ:1
|f УФ:3
|